Statistics for Denmark.... or Norway

Click here to take the quiz!

General Stats

  • This quiz has been taken 806 times
    (432 since last reset)
  • The average score is 11 of 15

Answer Stats

QuestionAnswer% Correct
Bergen is the country's second biggest cityNorway
98%
Has a cross on its flagBoth
97%
Has no mountainsDenmark
96%
Exports the most porkDenmark
90%
Largest land areaNorway
90%
Has a land border with SwedenNorway
83%
Does not use Euro as their currencyBoth
79%
Has the smallest capital in ScandinaviaNorway
76%
Has the biggest population?Denmark
72%
over 20% of its land area is forestNorway
72%
Has gone further than round of 16 in The FIFA World CupDenmark
65%
No river runs through its capitalDenmark
48%
Has the least corruptionDenmark
46%
Most CO2 emissions per capitaNorway
45%
It had colonies in the CaribbeanBoth
22%

Score Distribution

Percentile by Number Answered

Percent of People with Each Score

Your Score History

You have not taken this quiz since the last reset